[Event "Mecklenburg VP VL 1112"]
[Site "Mecklenburg VP"]
[Date "2012.04.15"]
[Round "9.6"]
[White "Pelnar, Helmut"]
[Black "Menkhaus, Wolf Dieter"]
[Result "1-0"]
[WhiteElo "1782"]
[BlackElo "1876"]
[PlyCount "167"]
[EventDate "2011.10.02"]
[EventType "team-tourn"]
[EventRounds "9"]
[EventCountry "GER"]
[SourceTitle "EXT 2022"]
[Source "ChessBase"]
[SourceDate "2021.10.06"]
[SourceVersion "1"]
[SourceVersionDate "2021.10.06"]
[SourceQuality "1"]
[WhiteTeam "Waren ESV"]
[BlackTeam "Rostock SSC 07 II"]
[WhiteTeamCountry "GER"]
[BlackTeamCountry "GER"]

1. e4 e5 2. Nf3 Nf6 3. Nc3 Nc6 4. Bb5 Bc5 5. 0-0 0-0 6. d3 Re8 7. Bg5 h6 8. Bh4 Nd4 9. Nxd4 exd4 10. Nd5 Be7 11. Nxe7+ Qxe7 12. Ba4 c6 13. f4 d6 14. Qf3 Qf8 15. Bxf6 gxf6 16. f5 Re5 17. Qh5 Kh7 18. Rf3 a5 19. Qh4 b5 20. Bb3 a4 21. Bxf7 Qxf7 22. Rh3 Qf8 23. Rf1 Bd7 24. Rf4 Be8 25. Qf2 Ra7 26. Rfh4 h5 27. Qf3 Rg7 28. Kh1 Rg5 29. g4 Bf7 30. gxh5 d5 31. Rg3 dxe4 32. dxe4 Qe8 33. h6 Bd5 34. exd5 Rexf5 35. Qd3 Qe1+ 36. Kg2 Qf2+ 37. Kh3 Qf1+ 38. Qxf1 Rxf1 39. Rxg5 fxg5 40. Rxd4 cxd5 41. Rxd5 Rf2 42. Rxg5 Rxc2 43. Rxb5 Kxh6 44. a3 Rd2 45. Rb4 Kg5 46. Rxa4 Rxb2 47. Rg4+ Kf5 48. Rg3 Ra2 49. Rb3 Kg5 50. Kg3 Kg6 51. h4 Ra1 52. Kg4 Rg1+ 53. Rg3 Ra1 54. h5+ Kh6 55. Rh3 Ra2 56. Kf4 Rc2 57. Ke4 Rc4+ 58. Kd5 Rf4 59. Kc5 Rf5+ 60. Kb4 Rf4+ 61. Kb3 Rf5 62. a4 Rf4 63. a5 Re4 64. Rh2 Rf4 65. Rh3 Re4 66. Kb2 Re8 67. Rh1 Ra8 68. Ra1 Kxh5 69. Kc3 Kg5 70. Kd4 Kf6 71. Kd5 Ke7 72. Kc6 Rc8+ 73. Kb7 Rc2 74. a6 Rb2+ 75. Kc6 Rc2+ 76. Kd5 Rd2+ 77. Kc4 Rc2+ 78. Kb3 Rc8 79. a7 Ra8 80. Kc4 Kd6 81. Kb5 Kc7 82. Ka6 Rh8 83. Rc1+ Kd6 84. Kb7 1-0

[Event "Mecklenburg VP VL 1112"]
[Site "Mecklenburg VP"]
[Date "2012.03.04"]
[Round "6.5"]
[White "Jabbusch, Burkhard"]
[Black "Pelnar, Helmut"]
[Result "1-0"]
[WhiteElo "1879"]
[BlackElo "1782"]
[PlyCount "87"]
[EventDate "2011.10.02"]
[EventType "team-tourn"]
[EventRounds "9"]
[EventCountry "GER"]
[SourceTitle "EXT 2022"]
[Source "ChessBase"]
[SourceDate "2021.10.06"]
[SourceVersion "1"]
[SourceVersionDate "2021.10.06"]
[SourceQuality "1"]
[WhiteTeam "Stralsund FHSG"]
[BlackTeam "Waren ESV"]
[WhiteTeamCountry "GER"]
[BlackTeamCountry "GER"]

1. e4 e5 2. d3 Nc6 3. f4 d5 4. exd5 Qxd5 5. Nc3 Qa5 6. Nf3 Bb4 7. Bd2 Nge7 8. a3 Bd6 9. b4 Qb6 10. Na4 Qa6 11. c4 b5 12. cxb5 Qxb5 13. d4 Qd5 14. dxe5 Bxe5 15. fxe5 Qe4+ 16. Be2 Nd4 17. Nxd4 Qxd4 18. Bc3 Qh4+ 19. g3 Qe4 20. 0-0 Bh3 21. Rf2 Rd8 22. Qe1 0-0 23. Nc5 Qc6 24. Bf1 Bxf1 25. Rxf1 Nd5 26. Rd1 Qh6 27. Bd2 Qh5 28. Bc1 c6 29. e6 fxe6 30. Qxe6+ Kh8 31. Rde1 Rfe8 32. Qxc6 Nc3 33. Rxe8+ Rxe8 34. Qd6 Ne2+ 35. Kh1 h6 36. Bb2 Qg5 37. Rf8+ Rxf8 38. Qxf8+ Kh7 39. Qf3 Qe7 40. Qf5+ Kh8 41. Qc8+ Kh7 42. Qf5+ Kh8 43. Qf3 Nc1 44. Qe4 1-0

[Event "Mecklenburg VP LL2 Ost 1011"]
[Site "Mecklenburg VP"]
[Date "2011.01.16"]
[Round "5.5"]
[White "Greinert, Timo"]
[Black "Pelnar, Helmut"]
[Result "1/2-1/2"]
[WhiteElo "1764"]
[BlackElo "1821"]
[PlyCount "52"]
[EventDate "2010.10.10"]
[EventType "team-tourn"]
[EventRounds "9"]
[EventCountry "GER"]
[SourceTitle "EXT 2022"]
[Source "ChessBase"]
[SourceDate "2021.10.06"]
[SourceVersion "1"]
[SourceVersionDate "2021.10.06"]
[SourceQuality "1"]
[WhiteTeam "Torgelow Droegeheide II"]
[BlackTeam "Waren ESV"]
[WhiteTeamCountry "GER"]
[BlackTeamCountry "GER"]

1. c4 c5 2. Nc3 Nc6 3. g3 g6 4. Bg2 Bg7 5. e3 d6 6. Nge2 Bd7 7. 0-0 Nf6 8. a3 0-0 9. Rb1 Rb8 10. b4 b6 11. d3 Ne5 12. f4 Neg4 13. h3 Nh6 14. g4 Ne8 15. Bb2 Nc7 16. e4 f6 17. Ng3 Nf7 18. b5 Qc8 19. f5 Ne5 20. Nce2 a6 21. a4 e6 22. fxe6 Nxe6 23. Bxe5 dxe5 24. Nc3 Nf4 25. Nge2 Nxg2 26. Kxg2 Be6 1/2-1/2

[Event "Mecklenburg VP LL2 Ost 1011"]
[Site "Mecklenburg VP"]
[Date "2010.10.10"]
[Round "1.5"]
[White "Gebert Vangeel, Ralf"]
[Black "Pelnar, Helmut"]
[Result "1-0"]
[WhiteElo "1886"]
[BlackElo "1821"]
[PlyCount "106"]
[EventDate "2010.10.10"]
[EventType "team-tourn"]
[EventRounds "9"]
[EventCountry "GER"]
[SourceTitle "EXT 2022"]
[Source "ChessBase"]
[SourceDate "2021.10.06"]
[SourceVersion "1"]
[SourceVersionDate "2021.10.06"]
[SourceQuality "1"]
[WhiteTeam "Guestrow/Teterow"]
[BlackTeam "Waren ESV"]
[WhiteTeamCountry "GER"]
[BlackTeamCountry "GER"]

1. e4 e5 2. Nf3 Nc6 3. d4 exd4 4. Nxd4 Qf6 5. Be3 Bc5 6. c3 Nge7 7. Bc4 Ne5 8. Be2 0-0 9. 0-0 Bb6 10. Nd2 d5 11. f4 N5c6 12. e5 Qh6 13. Rf3 Nxd4 14. cxd4 Nf5 15. Nf1 Nh4 16. Rg3 Nf5 17. Rf3 c6 18. Qd3 Nh4 19. Rg3 Bf5 20. Qd2 Qe6 21. Bd3 h6 22. Re1 a5 23. a4 Qe7 24. Qc2 Qd7 25. Bf2 Bxd3 26. Rxd3 Nf5 27. g4 Ne7 28. Rg3 Ng6 29. f5 Ne7 30. Qd2 f6 31. exf6 Rxf6 32. Rge3 Rf7 33. Re6 Raf8 34. Ng3 Nc8 35. Nh5 Nd6 36. Ng3 Nc4 37. Qc1 Bd8 38. b3 Bg5 39. Qd1 Nd6 40. Be3 Bh4 41. Bf4 Ne4 42. Nxe4 dxe4 43. R1xe4 Bf6 44. Rd6 Qc8 45. Qe1 b6 46. Be5 Be7 47. Rg6 Qb7 48. h4 c5 49. Bxg7 Re8 50. Be5+ Kh7 51. Re6 Rd8 52. Qe3 Bf8 53. g5 Rxf5 1-0

[Event "Mecklenburg VP LL2 Ost 0910"]
[Site "Mecklenburg VP"]
[Date "2010.02.28"]
[Round "7.5"]
[White "Nickel, Reimo"]
[Black "Pelnar, Helmut"]
[Result "0-1"]
[WhiteElo "1762"]
[BlackElo "1812"]
[PlyCount "96"]
[EventDate "2009.10.18"]
[EventType "team-tourn"]
[EventRounds "9"]
[EventCountry "GER"]
[SourceTitle "EXT 2016"]
[Source "ChessBase"]
[SourceDate "2015.10.08"]
[SourceVersion "1"]
[SourceVersionDate "2015.10.08"]
[SourceQuality "1"]
[WhiteTeam "Saal Waterkant"]
[BlackTeam "Waren"]
[WhiteTeamCountry "GER"]
[BlackTeamCountry "GER"]

1. d4 d5 2. c4 c6 3. Nf3 Nf6 4. Bg5 Ne4 5. Bd2 e6 6. e3 Be7 7. Bd3 Nxd2 8. Nbxd2 Nd7 9. 0-0 0-0 10. a3 Bf6 11. Qc2 h6 12. Rac1 Re8 13. Rfe1 g6 14. e4 dxe4 15. Nxe4 Bg7 16. Nd6 Re7 17. Ne5 Nxe5 18. dxe5 c5 19. f4 Rd7 20. Be4 Rb8 21. Re3 Rxd6 22. exd6 Bd4 23. Rce1 Qxd6 24. Kh1 Bxe3 25. Rxe3 f5 26. Rd3 Qxf4 27. Rd8+ Kf7 28. Bf3 Qe5 29. Qd2 Ke7 30. h3 f4 31. Rg8 Bd7 32. Rxg6 h5 33. Rh6 Be8 34. Rh7+ Kf6 35. Qf2 Bg6 36. Qh4+ Qg5 37. Qxg5+ Kxg5 38. Rxb7 Rxb7 39. Bxb7 Bd3 40. b3 a5 41. Kg1 Bc2 42. Bc8 e5 43. Kf2 Bxb3 44. Be6 h4 45. Kf3 Bc2 46. Bd5 Kf5 47. Bc6 e4+ 48. Ke2 Bd3+ 0-1

[Event "Mecklenburg VP LL2 Ost 0910"]
[Site "Mecklenburg VP"]
[Date "2009.11.29"]
[Round "3.4"]
[White "Pelnar, Helmut"]
[Black "Patzenhauer, Max"]
[Result "1-0"]
[WhiteElo "1812"]
[BlackElo "1591"]
[PlyCount "77"]
[EventDate "2009.10.18"]
[EventType "team-tourn"]
[EventRounds "9"]
[EventCountry "GER"]
[SourceTitle "EXT 2016"]
[Source "ChessBase"]
[SourceDate "2015.10.08"]
[SourceVersion "1"]
[SourceVersionDate "2015.10.08"]
[SourceQuality "1"]
[WhiteTeam "Waren"]
[BlackTeam "Wolgast Motor"]
[WhiteTeamCountry "GER"]
[BlackTeamCountry "GER"]

1. e4 e6 2. d4 d5 3. exd5 exd5 4. Nf3 Nf6 5. Bd3 Bd6 6. 0-0 0-0 7. Bg5 Bg4 8. h3 Bh5 9. Nbd2 Nbd7 10. c3 Re8 11. Qc2 h6 12. Bh4 Nf8 13. Rae1 g5 14. Bg3 Bxg3 15. fxg3 Bg6 16. Ne5 Bxd3 17. Qxd3 N8d7 18. Qf5 Re7 19. Nxd7 Nxd7 20. Qxd5 Qe8 21. Rxe7 Qxe7 22. Nc4 Rb8 23. Qf3 c6 24. Ne3 Rf8 25. Nf5 Qe6 26. b3 Kh7 27. h4 Qg6 28. g4 c5 29. Qxb7 Nf6 30. h5 Nxh5 31. gxh5 Qxh5 32. Qe4 cxd4 33. Qxd4 f6 34. Qxa7+ Rf7 35. Qe3 Qg4 36. Qd3 Qh5 37. Nd6+ Kg7 38. Nxf7 Qxf7 39. Qd4 1-0

[Event "Mecklenburg VP LL2 Ost 0910"]
[Site "Mecklenburg VP"]
[Date "2009.10.18"]
[Round "1.5"]
[White "Pelnar, Helmut"]
[Black "Pererva, Viktor"]
[Result "1/2-1/2"]
[WhiteElo "1812"]
[BlackElo "1637"]
[PlyCount "106"]
[EventDate "2009.10.18"]
[EventType "team-tourn"]
[EventRounds "9"]
[EventCountry "GER"]
[SourceTitle "EXT 2016"]
[Source "ChessBase"]
[SourceDate "2015.10.08"]
[SourceVersion "1"]
[SourceVersionDate "2015.10.08"]
[SourceQuality "1"]
[WhiteTeam "Waren"]
[BlackTeam "Rostock SSC 07 III"]
[WhiteTeamCountry "GER"]
[BlackTeamCountry "GER"]

1. e4 e5 2. Nf3 Nc6 3. Bc4 Nf6 4. d3 d6 5. Ng5 d5 6. exd5 Na5 7. Bb5+ c6 8. dxc6 bxc6 9. Ba4 Bc5 10. 0-0 0-0 11. Qe1 Qb6 12. Bd2 Nb7 13. b4 Bd6 14. a3 h6 15. Ne4 Nxe4 16. Qxe4 c5 17. Be3 f5 18. Qd5+ Kh8 19. Nd2 Qc7 20. Nc4 cxb4 21. Nxd6 Qxd6 22. Qxd6 Nxd6 23. Bc5 Rd8 24. Bc6 Bb7 25. Bxd6 Bxc6 26. Bxe5 b3 27. cxb3 Rxd3 28. b4 a6 29. Rfc1 Rad8 30. h3 Ba4 31. Rc7 R3d7 32. Rac1 Rxc7 33. Rxc7 Rd7 34. Rc8+ Kh7 35. Ra8 Bb5 36. a4 Bxa4 37. Rxa6 Bb3 38. Rb6 Bd5 39. Rb5 Kg8 40. Rc5 Kf7 41. b5 Ke6 42. f4 g5 43. g3 gxf4 44. Bxf4 h5 45. b6 Bb7 46. Kf2 Rd5 47. Rc7 Rd7 48. Rxb7 Rxb7 49. Bc7 h4 50. gxh4 Kf6 51. Kf3 Kg6 52. Kf4 Kh5 53. Bd8 Rxb6 1/2-1/2

[Event "Mecklenburg VP LL2 Ost 0809"]
[Site "Mecklenburg VP"]
[Date "2009.03.15"]
[Round "8.4"]
[White "Pelnar, Helmut"]
[Black "Boecking, Uwe"]
[Result "1/2-1/2"]
[WhiteElo "1803"]
[BlackElo "1694"]
[PlyCount "82"]
[EventDate "2008.09.28"]
[EventType "team-tourn"]
[EventRounds "9"]
[EventCountry "GER"]
[SourceTitle "EXT 2022"]
[Source "ChessBase"]
[SourceDate "2021.10.06"]
[SourceVersion "1"]
[SourceVersionDate "2021.10.06"]
[SourceQuality "1"]
[WhiteTeam "Waren ESV"]
[BlackTeam "Warnemuende SF Ostsee II"]
[WhiteTeamCountry "GER"]
[BlackTeamCountry "GER"]

1. e4 c5 2. Nf3 Nc6 3. d4 cxd4 4. Nxd4 e6 5. Nc3 a6 6. Nf3 Qc7 7. a3 b5 8. Bd3 Nf6 9. 0-0 Bb7 10. Ne2 Be7 11. Bf4 d6 12. Ng3 Ne5 13. Nxe5 dxe5 14. Be3 Rd8 15. Qe2 h5 16. f3 h4 17. Nh1 Bc5 18. Nf2 Nh5 19. Bxb5+ Ke7 20. Bd3 Nf4 21. Bxf4 exf4 22. Kh1 Qb6 23. Rab1 e5 24. Ng4 f6 25. h3 Rd7 26. b4 Bd4 27. c4 Rhd8 28. c5 Qc6 29. Bc4 Qa4 30. Qa2 Be3 31. Bg8 Kf8 32. Bh7 Ke7 33. Bf5 Rd1 34. Qe6+ Kf8 35. Nxf6 gxf6 36. Qxf6+ Kg8 37. Be6+ Kh7 38. Qf7+ Kh8 39. Qf6+ Kh7 40. Bf5+ Kg8 41. Be6+ Kh7 1/2-1/2

[Event "Mecklenburg VP LL2 Ost 0809"]
[Site "Mecklenburg VP"]
[Date "2008.11.30"]
[Round "3.5"]
[White "Peters, Hans Joachim"]
[Black "Pelnar, Helmut"]
[Result "1/2-1/2"]
[WhiteElo "1631"]
[BlackElo "1803"]
[PlyCount "40"]
[EventDate "2008.09.28"]
[EventType "team-tourn"]
[EventRounds "9"]
[EventCountry "GER"]
[SourceTitle "EXT 2022"]
[Source "ChessBase"]
[SourceDate "2021.10.06"]
[SourceVersion "1"]
[SourceVersionDate "2021.10.06"]
[SourceQuality "1"]
[WhiteTeam "Neubrandenburg SV Turbine"]
[BlackTeam "Waren ESV"]
[WhiteTeamCountry "GER"]
[BlackTeamCountry "GER"]

1. e4 e5 2. Nf3 Nc6 3. Bb5 a6 4. Ba4 Nf6 5. 0-0 b5 6. Bb3 Bd6 7. d3 h6 8. c3 0-0 9. Nbd2 Ne7 10. Re1 Ng6 11. Nf1 c6 12. Ng3 Bc7 13. a4 Bb7 14. Nf5 d6 15. h3 c5 16. Bc2 Bc6 17. Qd2 Nf4 18. Kh2 Bd7 19. Ng3 Qe7 20. Qd1 Ng6 1/2-1/2

[Event "Mecklenburg VP LL2 Ost 0708"]
[Site "Mecklenburg VP"]
[Date "2008.04.20"]
[Round "9.4"]
[White "Jeske, Holger"]
[Black "Pelnar, Helmut"]
[Result "0-1"]
[WhiteElo "1772"]
[BlackElo "1848"]
[PlyCount "54"]
[EventDate "2007.10.21"]
[EventType "team-tourn"]
[EventRounds "9"]
[EventCountry "GER"]
[SourceTitle "EXT 2016"]
[Source "ChessBase"]
[SourceDate "2015.10.08"]
[SourceVersion "1"]
[SourceVersionDate "2015.10.08"]
[SourceQuality "1"]
[WhiteTeam "Rostock SSC 07 III"]
[BlackTeam "Waren"]
[WhiteTeamCountry "GER"]
[BlackTeamCountry "GER"]

1. c4 c5 2. Nf3 Nc6 3. d4 cxd4 4. Nxd4 g6 5. Nxc6 bxc6 6. Bd2 Bg7 7. Bc3 Nf6 8. Qd3 0-0 9. e4 d6 10. g3 Rb8 11. Nd2 Qb6 12. Bg2 Ng4 13. 0-0 Bxc3 14. bxc3 Ne5 15. Qc2 Qc5 16. Rfb1 Rxb1+ 17. Rxb1 Nxc4 18. Nxc4 Qxc4 19. Bf1 Qc5 20. Be2 e5 21. Rb4 Be6 22. Qb2 Rc8 23. Ba6 Rc7 24. Rb8+ Kg7 25. Kg2 Qa5 26. Bf1 Qxa2 27. Rg8+ Kxg8 0-1

[Event "Mecklenburg VP LL2 Ost 0708"]
[Site "Mecklenburg VP"]
[Date "2008.04.06"]
[Round "8.6"]
[White "Pelnar, Helmut"]
[Black "Melzer, Georg"]
[Result "1/2-1/2"]
[WhiteElo "1848"]
[BlackElo "1666"]
[PlyCount "36"]
[EventDate "2007.10.21"]
[EventType "team-tourn"]
[EventRounds "9"]
[EventCountry "GER"]
[SourceTitle "EXT 2016"]
[Source "ChessBase"]
[SourceDate "2015.10.08"]
[SourceVersion "1"]
[SourceVersionDate "2015.10.08"]
[SourceQuality "1"]
[WhiteTeam "Waren"]
[BlackTeam "Pasewalk"]
[WhiteTeamCountry "GER"]
[BlackTeamCountry "GER"]

1. e4 e5 2. Nf3 Nc6 3. Bc4 Bc5 4. 0-0 Nf6 5. d3 0-0 6. Bg5 Be7 7. Nc3 h6 8. Be3 d6 9. h3 Na5 10. Nd2 Nxc4 11. Nxc4 c6 12. f4 Qc7 13. fxe5 dxe5 14. Qf3 Be6 15. Nd2 Nh7 16. Qg3 Bg5 17. Rf2 Qe7 18. Bxg5 Qxg5 1/2-1/2

[Event "Mecklenburg VP LL2 Ost 0708"]
[Site "Mecklenburg VP"]
[Date "2007.11.25"]
[Round "3.5"]
[White "Pelnar, Helmut"]
[Black "Vlach, Michael"]
[Result "1-0"]
[WhiteElo "1848"]
[BlackElo "1672"]
[PlyCount "45"]
[EventDate "2007.10.21"]
[EventType "team-tourn"]
[EventRounds "9"]
[EventCountry "GER"]
[SourceTitle "EXT 2016"]
[Source "ChessBase"]
[SourceDate "2015.10.08"]
[SourceVersion "1"]
[SourceVersionDate "2015.10.08"]
[SourceQuality "1"]
[WhiteTeam "Waren"]
[BlackTeam "Stralsund FHSG II"]
[WhiteTeamCountry "GER"]
[BlackTeamCountry "GER"]

1. e4 e6 2. d4 d5 3. exd5 exd5 4. Nf3 Nf6 5. Bd3 Bg4 6. 0-0 Be7 7. h3 Bh5 8. Bf4 Ne4 9. c3 0-0 10. Nbd2 Nxd2 11. Bxd2 Nd7 12. Re1 Bxf3 13. Qxf3 Nf6 14. Bg5 h6 15. Bh4 c6 16. Re2 Bd6 17. Rae1 g5 18. Bg3 Bxg3 19. Qxg3 Nh5 20. Qf3 Nf4 21. Re7 Ng6 22. Qf5 b6 23. R7e6 1-0

[Event "Mecklenburg VP LL2 Ost 0708"]
[Site "Mecklenburg VP"]
[Date "2007.11.04"]
[Round "2.6"]
[White "Pelnar, Helmut"]
[Black "Boecking, Uwe"]
[Result "1/2-1/2"]
[WhiteElo "1848"]
[BlackElo "1733"]
[PlyCount "59"]
[EventDate "2007.10.21"]
[EventType "team-tourn"]
[EventRounds "9"]
[EventCountry "GER"]
[SourceTitle "EXT 2016"]
[Source "ChessBase"]
[SourceDate "2015.10.08"]
[SourceVersion "1"]
[SourceVersionDate "2015.10.08"]
[SourceQuality "1"]
[WhiteTeam "Waren"]
[BlackTeam "Warnemuende SF Ostsee II"]
[WhiteTeamCountry "GER"]
[BlackTeamCountry "GER"]

1. e4 c5 2. Nf3 Nc6 3. d4 cxd4 4. Nxd4 e6 5. Nc3 a6 6. Be3 Nf6 7. Bd3 Qc7 8. Nde2 b5 9. a3 Bb7 10. h3 Be7 11. 0-0 Ne5 12. f4 Nc4 13. Bxc4 Qxc4 14. e5 Qc6 15. Rf2 Ne4 16. Nxe4 Qxe4 17. Qd3 Bh4 18. Qxe4 Bxf2+ 19. Bxf2 Bxe4 20. c3 Rc8 21. Rd1 Bd5 22. b4 f5 23. Bc5 Rg8 24. Kf2 Kf7 25. h4 h6 26. Ng3 Rc6 27. Nxf5 exf5 28. Rxd5 Ke6 29. Rd3 Rb8 30. Rg3 1/2-1/2

[Event "Mecklenburg VP LL1 0506"]
[Site "Mecklenburg VP"]
[Date "2006.04.02"]
[Round "9.4"]
[White "Kilp, Gunnar"]
[Black "Pelnar, Helmut"]
[Result "0-1"]
[WhiteElo "1611"]
[BlackElo "1821"]
[PlyCount "86"]
[EventDate "2005.10.23"]
[EventType "team"]
[EventRounds "9"]
[EventCountry "GER"]
[SourceTitle "EXT 2008"]
[Source "ChessBase"]
[SourceDate "2007.11.25"]
[SourceVersion "1"]
[SourceVersionDate "2007.11.25"]
[SourceQuality "1"]
[WhiteTeam "Torgelow II"]
[BlackTeam "Waren"]
[WhiteTeamCountry "GER"]
[BlackTeamCountry "GER"]

1. d4 d5 2. Nf3 Nf6 3. e3 Nbd7 4. c4 c6 5. Nc3 e6 6. cxd5 cxd5 7. Bd3 Be7 8. 0-0 0-0 9. Bd2 a6 10. Rc1 b5 11. Ne2 Bb7 12. b3 Bd6 13. Rc2 Qe7 14. Qb1 Ne4 15. Bc1 Rac8 16. Bb2 Rxc2 17. Bxc2 f5 18. Bxe4 fxe4 19. Nd2 Qh4 20. h3 Qg5 21. Bc1 Qh5 22. Ng3 Qg5 23. Ne2 Qh5 24. Ng3 Qh4 25. Ne2 b4 26. f4 a5 27. Bb2 Ba6 28. Rf2 Rc8 29. Qd1 Qh5 30. Kh2 Bd3 31. g4 Qh4 32. Ng3 Rc2 33. Ndxe4 Rxb2 34. Rxb2 dxe4 35. Qc1 Qd8 36. Qc6 Nf6 37. Kg2 Nd5 38. Kf2 Nc3 39. Rd2 h6 40. a3 Nb1 41. Rd1 bxa3 42. Qc1 Bb4 43. Rxd3 a2 0-1

[Event "Mecklenburg VP LL1 0506"]
[Site "Mecklenburg VP"]
[Date "2006.02.19"]
[Round "7.5"]
[White "Pelnar, Helmut"]
[Black "Rosin, Ralf"]
[Result "1/2-1/2"]
[WhiteElo "1821"]
[BlackElo "1752"]
[PlyCount "59"]
[EventDate "2005.10.23"]
[EventType "team"]
[EventRounds "9"]
[EventCountry "GER"]
[SourceTitle "EXT 2008"]
[Source "ChessBase"]
[SourceDate "2007.11.25"]
[SourceVersion "1"]
[SourceVersionDate "2007.11.25"]
[SourceQuality "1"]
[WhiteTeam "Waren"]
[BlackTeam "Pasewalk"]
[WhiteTeamCountry "GER"]
[BlackTeamCountry "GER"]

1. e4 e6 2. d4 d5 3. exd5 exd5 4. Nf3 Nf6 5. Bd3 Bd6 6. h3 Qe7+ 7. Be3 0-0 8. 0-0 h6 9. Re1 Be6 10. Nbd2 Re8 11. c3 b6 12. Qa4 Qd7 13. Bb5 c6 14. Bd3 Bf5 15. Qc2 Bxd3 16. Qxd3 c5 17. c4 Nc6 18. dxc5 Nb4 19. Qc3 bxc5 20. cxd5 Nfxd5 21. Qc4 Nxe3 22. Rxe3 Rxe3 23. fxe3 Re8 24. e4 Bf4 25. Qc3 Qd3 26. Qxd3 Nxd3 27. b3 Rd8 28. Kf1 Ne5 29. Ke2 Re8 30. Rc1 1/2-1/2

[Event "Mecklenburg VP LL1 0506"]
[Site "Mecklenburg VP"]
[Date "2006.01.29"]
[Round "6.5"]
[White "Huebner, Pierre"]
[Black "Pelnar, Helmut"]
[Result "0-1"]
[WhiteElo "1744"]
[BlackElo "1821"]
[PlyCount "68"]
[EventDate "2005.10.23"]
[EventType "team"]
[EventRounds "9"]
[EventCountry "GER"]
[SourceTitle "EXT 2008"]
[Source "ChessBase"]
[SourceDate "2007.11.25"]
[SourceVersion "1"]
[SourceVersionDate "2007.11.25"]
[SourceQuality "1"]
[WhiteTeam "Neubrandenburg SG Eintracht II"]
[BlackTeam "Waren"]
[WhiteTeamCountry "GER"]
[BlackTeamCountry "GER"]

1. Nf3 c5 2. e4 Nc6 3. d4 cxd4 4. Nxd4 g6 5. Be3 Bg7 6. Nxc6 bxc6 7. c3 Nf6 8. Bd3 0-0 9. 0-0 d6 10. h3 Bb7 11. Qc2 c5 12. Nd2 Nd7 13. f4 e6 14. Nf3 Qc7 15. c4 a5 16. Rad1 Bc6 17. Kh1 Nb6 18. f5 Na4 19. fxe6 Nxb2 20. Ng5 Nxd1 21. Qxd1 f6 22. Nxh7 Kxh7 23. e5 f5 24. Rxf5 Rxf5 25. Qg4 Raf8 26. Qh4+ Kg8 27. Qg3 Rf1+ 28. Bg1 Bxe5 29. Qxg6+ Qg7 30. e7 Rxg1+ 31. Kxg1 Rf7 32. e8Q+ Bxe8 33. Qe6 Bd4+ 34. Kh1 Qe5 0-1

[Event "Mecklenburg VP LL1 0506"]
[Site "Mecklenburg VP"]
[Date "2005.10.23"]
[Round "1.5"]
[White "Kohn, Thomas2222"]
[Black "Pelnar, Helmut"]
[Result "1-0"]
[WhiteElo "1846"]
[BlackElo "1821"]
[PlyCount "63"]
[EventDate "2005.10.23"]
[EventType "team"]
[EventRounds "9"]
[EventCountry "GER"]
[SourceTitle "EXT 2008"]
[Source "ChessBase"]
[SourceDate "2007.11.25"]
[SourceVersion "1"]
[SourceVersionDate "2007.11.25"]
[SourceQuality "1"]
[WhiteTeam "Stralsund FHSG II"]
[BlackTeam "Waren"]
[WhiteTeamCountry "GER"]
[BlackTeamCountry "GER"]

1. Nf3 Nf6 2. c4 c5 3. Nc3 g6 4. g3 Bg7 5. Bg2 0-0 6. 0-0 Nc6 7. d4 cxd4 8. Nxd4 Nxd4 9. Qxd4 d6 10. Bg5 Ng4 11. Qd2 Ne5 12. Qc1 f6 13. Bf4 Nxc4 14. Bd5+ e6 15. Bxc4 d5 16. Bb3 g5 17. Be3 b6 18. Nb5 Rf7 19. Qd2 Kh8 20. Rac1 Bb7 21. Nd4 Qd6 22. Rc2 a6 23. f4 g4 24. f5 e5 25. Ne6 a5 26. a4 Rd7 27. Rfc1 d4 28. Bh6 Bxh6 29. Qxh6 Qe7 30. Rc7 Rad8 31. Nxd8 Rxc7 32. Rxc7 1-0

[Event "Mecklenburg VP LL1 0405"]
[Site "Mecklenburg VP"]
[Date "2005.02.13"]
[Round "6.6"]
[White "Pelnar, Helmut"]
[Black "Moschell, Hans Helmut"]
[Result "0-1"]
[WhiteElo "1831"]
[BlackElo "1851"]
[PlyCount "114"]
[EventDate "2004.10.24"]
[EventType "team"]
[EventRounds "9"]
[EventCountry "GER"]
[SourceTitle "EXT 2009"]
[Source "ChessBase"]
[SourceDate "2008.11.26"]
[SourceVersion "1"]
[SourceVersionDate "2008.11.26"]
[SourceQuality "1"]
[WhiteTeam "Waren"]
[BlackTeam "Neustrelitz TSG"]
[WhiteTeamCountry "GER"]
[BlackTeamCountry "GER"]

1. e4 d5 2. exd5 Qxd5 3. Nf3 Bg4 4. Be2 Nc6 5. Nc3 Qd7 6. 0-0 Nf6 7. d3 e6 8. Be3 Bd6 9. h3 Bh5 10. Nd4 Bxe2 11. Qxe2 0-0 12. Nf3 a6 13. Rad1 Nd5 14. Nxd5 exd5 15. c3 Rfe8 16. d4 Qf5 17. Nh4 Qe4 18. Qh5 g6 19. Qh6 Bf8 20. Qf4 Bd6 21. Qh6 Bf8 22. Qf4 h6 23. Nf3 Rac8 24. Qh4 Qxh4 25. Nxh4 Re4 26. Nf3 g5 27. Nd2 Ree8 28. Rfe1 Bd6 29. h4 f6 30. hxg5 hxg5 31. g3 Kf7 32. Kg2 Rh8 33. Rh1 Ne7 34. c4 c6 35. c5 Bc7 36. Nf1 Rxh1 37. Kxh1 g4 38. Rd3 Kg6 39. Kg2 f5 40. b4 Ng8 41. Rd1 Re8 42. Nd2 Nf6 43. a4 Nh5 44. Re1 f4 45. gxf4 Nxf4+ 46. Bxf4 Rxe1 47. Bxc7 Kf5 48. b5 axb5 49. axb5 cxb5 50. Ba5 Ra1 51. Bc3 Ra3 52. Bb2 Ra2 53. Bc1 Rc2 54. Nb3 Rc3 55. Na5 Rxc1 56. Nxb7 b4 57. Nd6+ Kf4 0-1

[Event "Mecklenburg VP LL1 0405"]
[Site "Mecklenburg VP"]
[Date "2004.12.12"]
[Round "4.6"]
[White "Pelnar, Helmut"]
[Black "Zapnik, Gordon"]
[Result "1-0"]
[WhiteElo "1831"]
[BlackElo "1567"]
[PlyCount "89"]
[EventDate "2004.10.24"]
[EventType "team"]
[EventRounds "9"]
[EventCountry "GER"]
[SourceTitle "EXT 2009"]
[Source "ChessBase"]
[SourceDate "2008.11.26"]
[SourceVersion "1"]
[SourceVersionDate "2008.11.26"]
[SourceQuality "1"]
[WhiteTeam "Waren"]
[BlackTeam "Waterkant Saal SV"]
[WhiteTeamCountry "GER"]
[BlackTeamCountry "GER"]

1. e4 e5 2. Nf3 Nc6 3. Bc4 Bc5 4. 0-0 Nf6 5. d3 h6 6. Nc3 d6 7. h3 Be6 8. Nd5 Bxd5 9. exd5 Ne7 10. Bb5+ c6 11. dxc6 bxc6 12. Ba4 0-0 13. c3 Bb6 14. Re1 Qc7 15. Bc2 Nd7 16. d4 Ng6 17. dxe5 Ngxe5 18. Bf4 Rad8 19. Nd4 Ng6 20. Bxg6 fxg6 21. Ne6 Qb8 22. Nxf8 Nxf8 23. Qb3+ Kh7 24. Rad1 Qc8 25. Bxd6 Qf5 26. Bg3 Rxd1 27. Qxd1 g5 28. Re5 Qf7 29. b3 Ng6 30. Qd3 Kg8 31. Re4 Kh7 32. c4 h5 33. Qe2 Nf4 34. Bxf4 gxf4 35. Re7 Qf6 36. Qe4+ Kg8 37. Qe6+ Qxe6 38. Rxe6 c5 39. Re5 g6 40. f3 Kf7 41. Kf2 Kf6 42. Rd5 Ba5 43. Ke2 Bb4 44. Kd3 a5 45. Ke4 1-0